Polar bears past bedtime / (Record no. 263133)
[ view plain ]
| 000 -LEADER | |
|---|---|
| fixed length control field | 01865pam a2200481 a 4500 |
| 001 - CONTROL NUMBER | |
| control field | 1652587 |
| 003 - CONTROL NUMBER IDENTIFIER | |
| control field | OSt |
| 005 - DATE AND TIME OF LATEST TRANSACTION | |
| control field | 20260219090348.0 |
| 008 - FIXED-LENGTH DATA ELEMENTS--GENERAL INFORMATION | |
| fixed length control field | 970430s1998 nyua b 000 1 eng |
| 010 ## - LIBRARY OF CONGRESS CONTROL NUMBER | |
| LC control number | 97015624 |
| 020 ## - INTERNATIONAL STANDARD BOOK NUMBER | |
| International Standard Book Number | 0679983414 |
| Qualifying information | lib. bdg. |
| International Standard Book Number | 9780679983415 |
| Qualifying information | (lib. bdg.) |
| 035 ## - SYSTEM CONTROL NUMBER | |
| System control number | 1652587 |
| 040 ## - CATALOGING SOURCE | |
| Original cataloging agency | DLC |
| Transcribing agency | DLC |
| Modifying agency | DLC |
| 042 ## - AUTHENTICATION CODE | |
| Authentication code | lcac |
| 050 00 - LIBRARY OF CONGRESS CALL NUMBER | |
| Classification number | PZ7.O81167 |
| Item number | Po 1998 |
| 082 00 - DEWEY DECIMAL CLASSIFICATION NUMBER | |
| Classification number | [Fic] |
| Edition number | 21 |
| 100 1# - MAIN ENTRY--PERSONAL NAME | |
| Personal name | Osborne, Mary Pope. |
| 245 10 - TITLE STATEMENT | |
| Title | Polar bears past bedtime / |
| Statement of responsibility, etc | by Mary Pope Osborne ; illustrated by Sal Murdocca. |
| 260 ## - PUBLICATION, DISTRIBUTION, ETC. (IMPRINT) | |
| Place of publication, distribution, etc | New York : |
| Name of publisher, distributor, etc | Random House, |
| Date of publication, distribution, etc | c1998. |
| 300 ## - PHYSICAL DESCRIPTION | |
| Extent | 71 p. : |
| Other physical details | ill. ; |
| Dimensions | 20 cm. |
| 336 ## - CONTENT TYPE | |
| Content type term | text |
| Content type code | txt |
| Source | rdacontent |
| 337 ## - MEDIA TYPE | |
| Media type term | unmediated |
| Media type code | n |
| Source | rdamedia |
| 338 ## - CARRIER TYPE | |
| Carrier type term | volume |
| Carrier type code | nc |
| Source | rdacarrier |
| 490 1# - SERIES STATEMENT | |
| Series statement | Magic tree house ; |
| Volume number/sequential designation | #12 |
| 500 ## - GENERAL NOTE | |
| General note | "A Stepping Stone book." |
| 520 ## - SUMMARY, ETC. | |
| Summary, etc | Their magic tree house takes Jack and Annie to the Arctic, where a polar bear leads them onto very thin ice. |
| 521 0# - TARGET AUDIENCE NOTE | |
| Target audience note | "RL: 2.1"--Cover p. [4]. |
| 650 #1 - SUBJECT ADDED ENTRY--TOPICAL TERM | |
| Topical term or geographic name as entry element | Polar bears |
| Form subdivision | Fiction. |
| Topical term or geographic name as entry element | Bears |
| Form subdivision | Fiction. |
| Topical term or geographic name as entry element | Magic |
| Form subdivision | Fiction. |
| Topical term or geographic name as entry element | Tree houses |
| Form subdivision | Fiction. |
| 651 #1 - SUBJECT ADDED ENTRY--GEOGRAPHIC NAME | |
| Geographic name | Arctic regions |
| Form subdivision | Fiction. |
| 655 #7 - INDEX TERM--GENRE/FORM | |
| Genre/form data or focus term | Fiction. |
| Source of term | lcgft |
| Authority record control number | https://id.loc.gov/authorities/genreForms/gf2014026339 |
| 700 1# - ADDED ENTRY--PERSONAL NAME | |
| Personal name | Murdocca, Sal, |
| Relator term | ill. |
| 800 1# - SERIES ADDED ENTRY--PERSONAL NAME | |
| Personal name | Osborne, Mary Pope. |
| Title of a work | Magic tree house series ; |
| Volume/sequential designation | #12. |
| 856 42 - ELECTRONIC LOCATION AND ACCESS | |
| Materials specified | Contributor biographical information |
| Uniform Resource Identifier | <a href="http://www.loc.gov/catdir/bios/random057/97015624.html">http://www.loc.gov/catdir/bios/random057/97015624.html</a> |
| Materials specified | Publisher description |
| Uniform Resource Identifier | <a href="http://www.loc.gov/catdir/description/random047/97015624.html">http://www.loc.gov/catdir/description/random047/97015624.html</a> |
| 906 ## - LOCAL DATA ELEMENT F, LDF (RLIN) | |
| a | 7 |
| b | cbc |
| c | orignew |
| d | 1 |
| e | ocip |
| f | 19 |
| g | y-gencatlg |
| 942 ## - ADDED ENTRY ELEMENTS (KOHA) | |
| Source of classification or shelving scheme | Library of Congress Classification |
| Koha item type | Long Loan Books |
| Withdrawn status | Lost status | Source of classification or shelving scheme | Damaged status | Not for loan | Collection code | Home library | Current library | Shelving location | Date acquired | Total Checkouts | Full call number | Barcode | Date last seen | Price effective from | Koha item type |
|---|---|---|---|---|---|---|---|---|---|---|---|---|---|---|---|
| Library of Congress Classification | Fiction | Rongo University Library | Rongo University Library | Children's Area | 04/03/2024 | PZ7.8.O811 1997 | CL20233249 | 04/03/2024 | 04/03/2024 | Long Loan Books | |||||
| Library of Congress Classification | Fiction | Rongo University Library | Rongo University Library | Children's Area | 19/11/2025 | CL20250059 | 19/11/2025 | 19/11/2025 | Long Loan Books |
